000 00886nas a2200277 4500
001 BR9206540
003 BR-BrBNA
005 20231205092932.0
007 ta
008 230509b bl.|||p| |||| 00| 00por d
040 _aBR-BrBNA
_bpor
_cBiblioteca Nacional de Agricultura
041 _a(Pt)
072 _aL73
100 1 _aAbuhab, T.G.
100 1 _aBersano, J.G.
100 1 _aKoseki, I.
100 1 _aSilva, M.R.P.
100 1 _aRodrigues, F.M.
245 1 _aPesquisa de antigeno viral da peste suina classica pela tecnica de imunofluorescencia em amidalas de suinos inoculados com lisado de celulas da linhagem IB-RS-2
650 _aSUÍNO
650 _aPESTE SUINA
650 _aIMUNOFLUORESCENCIA
773 0 _tARS Veterinaria (Brazil)
_xISSN 0102-6380
_g(Jun 1986), v. 2(1) p. 63-68
_wBR9206540
909 _a202311
_bLúcia
_c55
_dLúcia Elande
942 _2AGRIS
_n0
_cANA
999 _c135225
_d135225